Etiketa v obchodnom rokovaní so zahraničnými partnermi na úrovni firiem

Miesto a význam etikety v obchodnom styku firiem so zahraničnými partnermi. Základné zásady etikety pri obchodnom rokovaní s partnermi zo zahraničia. Obchodné rokovanie v komerčnej praxi možno považovať za najvýznamnejšiu fázu komerčnej činnosti. Odlišnosti pravidiel a zvyklostí spoločenskej etikety...

Ausführliche Beschreibung

Gespeichert in:
Bibliographische Detailangaben
1. Verfasser: Tóth, Ľudovít
Format: Buchkapitel
Sprache:Slowakisch
Schlagworte:
Tags: Tag hinzufügen
Keine Tags, Fügen Sie das erste Tag hinzu!

MARC

LEADER 00000naa a2200000 4500
001 r025402
005 20221213100104.4
041 0 |a slo 
044 |a SK 
245 1 0 |a Etiketa v obchodnom rokovaní so zahraničnými partnermi na úrovni firiem  |c Ľudovít Tóth 
520 |a Miesto a význam etikety v obchodnom styku firiem so zahraničnými partnermi. Základné zásady etikety pri obchodnom rokovaní s partnermi zo zahraničia. Obchodné rokovanie v komerčnej praxi možno považovať za najvýznamnejšiu fázu komerčnej činnosti. Odlišnosti pravidiel a zvyklostí spoločenskej etikety vo svete. 
610 2 0 |a rokovania obchodné 
610 2 0 |a etiketa 
610 2 0 |a obchod zahraničný 
610 2 0 |a liberalizácia 
610 2 0 |a partneri obchodní 
610 2 0 |a imidž 
610 2 0 |a firmy 
610 2 0 |a podnikanie 
100 1 |a Tóth, Ľudovít